| 000 | 00679nam a22002177a 4500 | ||
|---|---|---|---|
| 003 | UA-OsUOA | ||
| 001 | 87932 | ||
| 007 | ta | ||
| 008 | 20120926b un ||||| |||| 00| 0 ukr d | ||
| 090 | _a94 | ||
| 942 | _cBK | ||
| 040 |
_aUA-OsUOA _brus _cUA-OsUOA _dUA-OsUOA |
||
| 245 | _aИстория, культура, фольклор и этнография словянских народов. VІ международный сьезд славистов (Прага 1968) | ||
| 300 | _a349 с. | ||
| 955 | _a4 | ||
| 041 | _arus | ||
| 080 | _a94 | ||
| 260 |
_aМ. _bНаука _c1968 |
||
| 650 | 7 |
_a9 Географія. Біографії. Історія _2UDC |
|
| 999 |
_c374903 _d374903 |
||